| 000 | 00504nam a2200193Ia 4500 | ||
|---|---|---|---|
| 008 | 210210b2012 xxu||||| |||| 00| 0 eng d | ||
| 020 | _a9789381141816 | ||
| 041 | _aeng | ||
| 082 | _a519.7 MALO | ||
| 100 | _aMALIK (A K) | ||
| 245 | _aOptimization techniques | ||
| 260 |
_aNew Delhi _bI K International Publishing House Pvt. Ltd. _c2012 |
||
| 300 | _axiii,287 | ||
| 650 | _atechniques | ||
| 650 | _aOptimization | ||
| 690 | _aMathematical Statistics | ||
| 700 | _aYADAV (S K) | ||
| 906 | _a069022 | ||
| 999 |
_c153148 _d153148 |
||